[Event "Stay Safe Play From Home 363"]
[Site "Emanuel Lasker Arena"]
[Date "2020.08.06"]
[Round "6"]
[White "Klasman"]
[Black "Lazieri3"]
[Result "0-1"]
[WhiteElo "1530"]
[BlackElo "1970"]
[Annotator "TA"]
[PlyCount "100"]
[EventDate "2020.08.06"]
[EventType "swiss (blitz)"]

{[%evp 9,100,-21,-24,-45,-5,-36,-40,-33,-31,-48,0,0,6,22,39,0,39,0,25,13,20,0,57,-52,72,0,0,0,0,0,4,-33,32,-36,-36,-44,-39,-81,-25,-47,-50,-56,-59,-76,-76,-86,-93,-95,34,34,34,34,34,26,26,26,26,26,26,26,26,26,26,26,26,0,0,0,0,0,0,-128,0,0,0,0,0,0,0,-12825,-12831,-12839,0,-12847,-12847,-12848,-12848,-12849,-12849,-12851,-27999,-12851,-27999]} 1. f4 c6 2. c4 d5 3. cxd5 cxd5 4. d4 Nc6 5. Nf3 Bf5 6. Qb3 {[#] A03: Bird's Opening with 1...d5.} Qb6 $146 (6... e6 {with more complications.} 7. e3 Bd6 8. Bd2 Rc8 9. Be2 Nf6) ({Predecessor:} 6... Rb8 7. e3 e6 8. Ne5 Nxe5 9. fxe5 Ne7 10. Bb5+ Nc6 11. O-O Be7 12. Qa4 Qb6 {1-0 (45) Osorio,C (2189)-Chirivi Castiblanco,A (2032) Bogota 2012}) 7. Nc3 Qxb3 8. axb3 {Black is slightly better.} e6 9. e3 Nb4 (9... a6 $15) 10. Bb5+ $11 Ke7 {...Nc2+ is the strong threat.} 11. O-O a6 12. Be2 Nf6 13. h3 h6 14. g4 Bh7 15. Ne5 Ne4 (15... Rc8 $11) 16. Bf3 (16. Ra4 $14) 16... Nd6 {[#]} (16... Ng3 $15 17. Rf2 f6) 17. f5 (17. Bd2 $1 $16) 17... f6 18. Ng6+ Bxg6 $1 19. fxg6 Kd7 20. Ra4 Nd3 ({Black should try} 20... a5 $15) 21. Be2 (21. Bd2 $14) 21... Nxc1 $15 22. Rxc1 Be7 23. Bd3 Rhc8 (23... h5 $17 {Threatens to win with ...hxg4.} 24. e4 hxg4 25. hxg4 Rh4 26. exd5 Rah8 27. dxe6+ Kxe6) 24. Kf2 Rc7 25. Rca1 Rac8 26. b4 Nc4 27. Bxc4 Rxc4 28. b5 Bb4 (28... Rxa4 $17 29. Rxa4 axb5) 29. bxa6 $14 bxa6 30. Rxa6 Bxc3 31. Ra7+ R8c7 32. Rxc7+ Rxc7 33. bxc3 Rxc3 $11 {[%mdl 4096] Endgame KR-KR} 34. Ra7+ Rc7 35. Ra8 e5 36. Rf8 Ke6 37. dxe5 fxe5 38. Kf3 Ra7 39. h4 Rb7 40. g5 {[#]} (40. h5 $11 {keeps the balance.}) 40... hxg5 (40... h5 $1 $17) 41. h5 d4 42. exd4 exd4 43. Ke4 Rd7 44. h6 $2 {[%mdl 8192]} (44. Re8+ $11 Kf6 45. Rf8+ Ke6 46. Re8+ Kf6 47. Re5) 44... gxh6 $19 45. Rh8 d3 $2 (45... Kf6 $19 46. Rxh6 Rd8) 46. Rxh6 $2 {[%mdl 8192]} (46. g7 $11 Rxg7 47. Rxh6+ Kf7 48. Kxd3) 46... d2 47. g7+ Kf7 48. Rg6 Kg8 49. Rxg5 d1=Q {( -> ...Qd3+)} 50. Rd5 Qxd5+ {Accuracy: White = 63%, Black = 61%.} 0-1

[Event "Stay Safe Play From Home 363"]
[Site "Emanuel Lasker Arena"]
[Date "2020.08.06"]
[Round "7"]
[White "SelamiSahin"]
[Black "Greblah"]
[Result "1-0"]
[WhiteElo "2150"]
[BlackElo "1915"]
[Annotator "RC"]
[PlyCount "113"]
[EventDate "2020.08.06"]
[EventType "swiss (blitz)"]

{Yarar, Atakan} 1. d4 {[%emt 0:00:02]} c6 {[%emt 0:00:00]} 2. c4 {[%emt 0:00:01]} d5 {[%emt 0:00:00]} 3. Nc3 {[%emt 0:00:00]} e5 {[%emt 0:00:01]} 4. e3 {[%emt 0:00:02]} e4 {[%emt 0:00:01]} 5. Qb3 {[%emt 0:00:02]} Nf6 {[%emt 0:00:04]} 6. cxd5 {[%emt 0:00:01]} cxd5 {[%emt 0:00:02]} 7. Nge2 {[%emt 0:00:04]} b6 {[%emt 0:00:15]} 8. Nf4 {[%emt 0:00:02]} Be6 {[%emt 0:00:01]} 9. Bb5+ {[%emt 0:00:01]} Nbd7 {[%emt 0:00:06]} 10. Nfxd5 {[%emt 0:00:06]} Nxd5 {[%emt 0:00:01]} 11. Nxd5 {[%emt 0:00:01]} a6 {[%emt 0:00:12]} 12. Bxd7+ {[%emt 0:00:22]} Qxd7 {[%emt 0:00:02]} 13. Nxb6 {[%emt 0:00:01]} Bxb3 {[%emt 0:00:29]} 14. Nxd7 {[%emt 0:00:01]} Kxd7 {[%emt 0:00:01]} 15. axb3 {[%emt 0:00:03]} Bd6 {[%emt 0:00:16]} 16. Bd2 {[%emt 0:00:03]} Rhb8 {[%emt 0:00:01]} 17. Bc3 {[%emt 0:00:08]} Rxb3 {[%emt 0:00:03]} 18. Kd2 {[%emt 0:00:01]} f5 {[%emt 0:00:12]} 19. Ra5 {[%emt 0:00:02]} g6 {[%emt 0:00:03]} 20. Rha1 {[%emt 0:00:02]} Rb6 {[%emt 0:00:01]} 21. h4 {[%emt 0:00:03]} Kc7 {[%emt 0:00:06]} 22. Kc2 {[%emt 0:00:05]} Kb7 {[%emt 0:00:01]} 23. g3 {[%emt 0:00:04]} Rc8 {[%emt 0:00:01]} 24. Rd5 {[%emt 0:00:05]} Bb4 {[%emt 0:00:07]} 25. Ra4 {[%emt 0:00:06]} Bxc3 {[%emt 0:00:02]} 26. bxc3 {[%emt 0:00:00]} Rbc6 {[%emt 0:00:01]} 27. Rd7+ {[%emt 0:00:03]} R8c7 {[%emt 0:00:09]} 28. Rxc7+ {[%emt 0:00:01]} Rxc7 {[%emt 0:00:01]} 29. c4 {[%emt 0:00:00]} Kb6 {[%emt 0:00:01]} 30. Kb3 {[%emt 0:00:02]} a5 {[%emt 0:00:08]} 31. Kc3 {[%emt 0:00:03]} Ka6 {[%emt 0:00:01]} 32. Ra3 {[%emt 0:00:03]} Rb7 {[%emt 0:00:03]} 33. Rb3 {[%emt 0:00:01]} Rc7 {[%emt 0:00:01]} 34. c5 {[%emt 0:00:03]} a4 {[%emt 0:00:02]} 35. Rb8 {[%emt 0:00:09]} Ka5 {[%emt 0:00:02]} 36. Kc4 {[%emt 0:00:05]} Ra7 {[%emt 0:00:03]} 37. Rb5+ {[%emt 0:00:06]} Ka6 {[%emt 0:00:01]} 38. Kb4 {[%emt 0:00:02]} a3 {[%emt 0:00:01]} 39. Ra5+ {[%emt 0:00:02]} Kb7 {[%emt 0:00:01]} 40. Rxa7+ {[%emt 0:00:01]} Kxa7 {[%emt 0:00:02]} 41. Kxa3 {[%emt 0:00:00]} Ka6 {[%emt 0:00:01]} 42. Ka4 {[%emt 0:00:01]} h6 {[%emt 0:00:01]} 43. Kb4 {[%emt 0:00:01]} g5 {[%emt 0:00:02]} 44. hxg5 {[%emt 0:00:00]} hxg5 {[%emt 0:00:01]} 45. Ka4 {[%emt 0:00:00]} f4 {[%emt 0:00:02]} 46. exf4 {[%emt 0:00:00]} gxf4 {[%emt 0:00:01]} 47. gxf4 {[%emt 0:00:00]} Kb7 {[%emt 0:00:01]} 48. Kb5 {[%emt 0:00:01]} Kc7 {[%emt 0:00:00]} 49. d5 {[%emt 0:00:01]} Kd7 {[%emt 0:00:01]} 50. d6 {[%emt 0:00:02]} Kc8 {[%emt 0:00:02]} 51. c6 {[%emt 0:00:01]} e3 {[%emt 0:00:00]} 52. fxe3 {[%emt 0:00:00]} Kd8 {[%emt 0:00:01]} 53. e4 {[%emt 0:00:00]} Kc8 {[%emt 0:00:01]} 54. e5 {[%emt 0:00:01]} Kd8 {[%emt 0:00:01]} 55. f5 {[%emt 0:00:00]} Ke8 {[%emt 0:00:01]} 56. e6 {[%emt 0:00:00]} Kd8 {[%emt 0:00:01]} 57. f6 {[%emt 0:00:00] Zeit Zeit Zeit Zeit Zeit (Lag: Av=0.43s, max=1.2s) (Lag: Av=0.43s, max=1.2s) (Lag: Av=0.43s, max=1.2s) (Lag: Av=0.43s, max=1.2s) (Lag: Av=0.43s, max=1.2s)} 1-0

[Event "Stay Safe Play From Home 363"]
[Site "Emanuel Lasker Arena"]
[Date "2020.08.06"]
[Round "7"]
[White "Hickey"]
[Black "Padmaesh M K"]
[Result "0-1"]
[WhiteElo "2068"]
[BlackElo "1813"]
[Annotator "TA"]
[PlyCount "62"]
[EventDate "2020.08.06"]
[EventType "swiss (blitz)"]

{[%evp 17,61,0,0,-36,-36,-42,-35,-56,-31,-50,-47,-64,-23,-78,-34,-43,266,-47,-47,-39,0,-9,166,159,285,296,285,149,173,152,165,-45,491,483,474,455,516,510,496,214,737,722,1150,1089,1122,-29999]} 1. Nf3 Nf6 2. b3 g6 3. Bb2 Bg7 4. g3 O-O 5. Bg2 d5 6. O-O c6 7. c4 Re8 8. d3 Nbd7 9. Nbd2 e5 10. e4 {A11: English Opening: 1...c6.} d4 11. b4 a5 12. a3 {Black is slightly better.} Qe7 13. Qb3 {[#]} b6 $146 ({Predecessor:} 13... c5 14. bxa5 Rxa5 15. Rfb1 Nb8 16. Qb6 Ra6 17. Qb5 Qc7 18. Bc1 Ree6 19. Qb3 Reb6 {½-½ (36) Urbieta Gabancho,K (1983)-Alcaide Rodriguez,M (1794) Bergara 2010}) 14. Rfc1 Nf8 15. c5 (15. bxa5 $11 {remains equal.} bxa5 16. a4) 15... Be6 (15... a4 $5 {[%cal Ra4b3]} 16. Qd1 b5 $15) 16. Qc2 b5 $2 {[%mdl 8192]} (16... N6d7 $1 $15 {keeps the upper hand.}) 17. Nb3 $2 (17. Nxe5 $18 Bd7 18. Nef3 (18. Bxd4 Ng4 $18)) 17... a4 $15 18. Na5 Rec8 19. Nxe5 (19. Nxc6 $5 Rxc6 20. Nxe5 $11) 19... Bb3 $2 (19... Rxa5 $1 $11 {and Black has nothing to worry.} 20. bxa5 Bb3 21. Nxc6 Rxc6) 20. Nexc6 $18 Qe8 (20... Rxc6 $16 {was called for.} 21. Nxc6 Qe8) 21. Qd2 ({Resist} 21. Nxb3 $6 axb3 22. Qxb3 Rxc6 $16) 21... Rxc6 22. Nxc6 (22. e5 $18 Re6 23. Bxa8 (23. Bxd4 Ng4 $16) 23... Rxe5 24. Bf3 (24. Bxd4 Re2 $14)) 22... Qxc6 $16 23. Bxd4 Rd8 24. Bxf6 $2 (24. Qb2 $18) 24... Bxf6 $4 {[%mdl 8192] [#]} (24... Qxf6 $15 {stays ahead.} 25. Rab1 Ne6) 25. e5 $1 $18 {[%mdl 64] Discovered Attack} Bd5 (25... Bxe5 26. Bxc6) 26. Bxd5 ({Weaker is} 26. exf6 Bxg2 27. f3 Bxf3 $11) 26... Qxd5 27. exf6 Ne6 28. Re1 (28. Qe3 $142) 28... Nd4 $2 (28... Ng5 29. Qe3 Nf3+ 30. Kf1 Nxh2+ 31. Ke2 Qb3) 29. Qh6 {[%csl Gf6][%cal Rh6g7] [#]} Nf3+ 30. Kf1 {[%csl Gf6][%cal Rh6g7]} Nxh2+ 31. Ke2 $4 {[%mdl 8192]} (31. Qxh2 $18 Qxd3+ 32. Kg2) 31... Qxd3# {Quite a comeback for Black. Accuracy: White = 45%, Black = 37%.} 0-1

[Event "Stay Safe Play From Home 363"]
[Site "Emanuel Lasker Arena"]
[Date "2020.08.06"]
[Round "7"]
[White "Lazieri3"]
[Black "Chesstiger9"]
[Result "1-0"]
[WhiteElo "1972"]
[BlackElo "1973"]
[Annotator "TA"]
[PlyCount "99"]
[EventDate "2020.08.06"]
[EventType "swiss (blitz)"]

{[%evp 9,98,0,3,-14,-10,-8,-8,-56,0,-69,-76,-97,0,0,7,-94,-85,-85,-82,-97,-96,-99,-86,-96,0,-112,-115,-111,-120,-113,-66,-79,-60,-61,16,17,135,138,117,78,202,192,233,221,287,325,335,280,285,287,324,262,661,660,611,589,883,1307,1720,547,864,816,2359,1527,1371,1185,1198,286,29977,29973,29969,2739,1588,1685,29984,29985,29986,29987,29990,29991,29993,29994,29994,29995,29995,29996,29997,29998,29998,29999,29999]} 1. e4 g6 2. Nc3 Bg7 3. Nf3 d6 4. Bb5+ c6 5. Ba4 Nf6 6. d3 {B06: Modern Defence.} O-O 7. Be3 {[#]} Nbd7 $146 ({Predecessor:} 7... h6 8. Qd2 Ng4 9. Bf4 e5 10. h3 Nxf2 11. Bxh6 Nxh1 12. O-O-O Nf2 13. Rf1 Nxd3+ 14. cxd3 {½-½ (28) Pasqualotto,A (1400)-Cezar,R Florianopolis 2015}) 8. Qd2 {The position is equal.} e5 (8... a5 $15 9. Bb3 Ng4) 9. Bh6 (9. O-O $11) 9... Nc5 $15 10. Bb3 Nxb3 (10... a5 $17 {...Bxh6 is the strong threat.} 11. a3 Bxh6 12. Qxh6 Nxb3 13. cxb3 Ng4) 11. axb3 $11 Bg4 12. h3 (12. Ng1 $11) 12... Bxf3 $17 13. gxf3 Nh5 14. Bxg7 Kxg7 15. Ne2 Qh4 16. Qe3 f5 (16... a5 $17) 17. exf5 (17. Rxa7 $11 {keeps the balance.} Rxa7 18. Qxa7) 17... Rxf5 18. Rxa7 Rxa7 19. Qxa7 Rf7 ({Reject} 19... Rxf3 $6 20. Qxb7+ Rf7 21. Qb6 $11) 20. Qe3 Nf4 21. Nxf4 exf4 $15 {[%mdl 4096] Endgame KQR-KQR} ({Black should play} 21... Rxf4 $15 22. Kf1 Kf6) 22. Qd4+ $11 {[%mdl 64] [#] Double Attack} Kg8 (22... Qf6 $11 23. Qxf6+ Kxf6) 23. Qxd6 $16 Re7+ 24. Kd1 Qg5 {This move loses the game for Black.} (24... Qxf2 $16 25. Qxe7 Qxf3+ 26. Kd2 Qg2+ 27. Kc3 Qxh1) 25. h4 Qg2 26. Qxe7 {[#] Threatening mate with Qd8+.} Qxf3+ 27. Kd2 {White wants to mate with Ra1.} Qxh1 $18 {KQ-KQ} 28. Qe6+ ({Less strong is} 28. Qxb7 Qxh4 29. Qc8+ (29. Qxc6 Qxf2+ 30. Kd1 Qf1+ 31. Kd2 Qf2+ 32. Kd1 Qg1+ 33. Ke2 Qe3+ 34. Kf1 Qc1+ 35. Ke2 Qe3+ 36. Kf1 Qc1+ 37. Ke2 Qe3+ $11) 29... Kg7 $16) 28... Kg7 29. Qe5+ Kg8 30. Qxf4 Qb1 $2 (30... b5 31. b4 Qd5) 31. Qb8+ Kg7 32. Qxb7+ Kh6 33. Qxc6 Qxb2 34. Qe4 Qa1 35. b4 Qb1 36. Qf4+ Kg7 37. Qe5+ Kg8 38. b5 $2 (38. Qd5+ Kg7 39. Qc5) 38... Qf1 $2 (38... Qxb5 $18 39. Qxb5 Kf7 40. Qd7+ Kf6 41. Qxh7 g5 42. h5 g4 43. Qg6+ {[%mdl 64] Double Attack} Ke7) 39. Qe3 Qb1 40. b6 (40. Qe8+ $142 Kg7 41. Qe7+ Kh6 42. Qc5 Qa2 43. b6 Qa8 44. Qc7 Qf3 45. b7 Qxf2+ 46. Kc3 Qe1+ 47. Kc4 Qe6+ 48. Kc5 Qf5+ 49. Kb4) 40... Qb4+ 41. Ke2 Qb2 42. Qc5 {White mates.} Kg7 43. Qc7+ Kh6 44. b7 Qf6 45. b8=Q Qe6+ 46. Qe5 {[%cal Rb8f8]} Qg4+ 47. Kd2 {[%cal Rb8f8]} Qf5 48. Qxf5 gxf5 49. Qg8 {[%csl Gh4][%cal Rg8g5]} f4 50. Qg5# {Accuracy: White = 56%, Black = 33%.} 1-0

[Event "Stay Safe Play From Home 363"]
[Site "Emanuel Lasker Arena"]
[Date "2020.08.06"]
[Round "7"]
[White "Haris kollari 13"]
[Black "Buzaglo"]
[Result "1-0"]
[WhiteElo "1822"]
[BlackElo "1714"]
[Annotator "NA RC"]
[PlyCount "97"]
[EventDate "2020.08.06"]
[EventType "swiss (blitz)"]

1. e4 {[%emt 0:00:01]} e6 {[%emt 0:00:01]} 2. f4 {[%emt 0:00:01]} d5 {[%emt 0:00:00]} 3. e5 {[%emt 0:00:01]} c5 {[%emt 0:00:02]} 4. Nf3 {[%emt 0:00:01]} Nc6 {[%emt 0:00:01]} 5. b3 {[%emt 0:00:01]} d4 {[%emt 0:00:02]} 6. d3 {[%emt 0:00:01]} f6 {[%emt 0:00:02]} 7. exf6 {[%emt 0:00:03]} Nxf6 {[%emt 0:00:00]} 8. Be2 {[%emt 0:00:01]} Bd6 {[%emt 0:00:03]} 9. O-O {[%emt 0:00:02]} O-O {[%emt 0:00:01]} 10. g3 {[%emt 0:00:02]} Nd5 {[%emt 0:00:02]} 11. Kg2 {[%emt 0:00:04]} e5 {[%emt 0:00:03]} 12. fxe5 {[%emt 0:00:03]} Nxe5 {[%emt 0:00:00]} 13. Nxe5 {[%emt 0:00:04]} Bxe5 {[%emt 0:00:00]} 14. Bf3 {[%emt 0:00:03]} Nf4+ {[%emt 0:00:03]} 15. gxf4 {[%emt 0:00:10]} Bxf4 {[%emt 0:00:03]} 16. Bxf4 {[%emt 0:00:01]} Qh4 {[%emt 0:00:07]} 17. Bg3 {[%emt 0:00:04]} Qg5 {[%emt 0:00:03]} 18. Nd2 {[%emt 0:00:07]} h5 {[%emt 0:00:02]} 19. Ne4 {[%emt 0:00:04]} Qg6 {[%emt 0:00:18]} 20. Bxh5 {[%emt 0:00:01]} Qc6 {[%emt 0:00:06]} 21. Rxf8+ {[%emt 0:00:04]} Kxf8 {[%emt 0:00:00]} 22. Qf3+ {[%emt 0:00:01]} Kg8 {[%emt 0:00:03]} 23. Qf7+ {[%emt 0:00:02]} Kh8 {[%emt 0:00:02]} 24. Bg6 {[%emt 0:00:03]} Be6 {[%emt 0:00:09]} 25. Qe7 {[%emt 0:00:02]} Bd5 {[%emt 0:00:23]} 26. Qd6 {[%emt 0:00:01]} Bxe4+ {[%emt 0:00:13]} 27. Bxe4 {[%emt 0:00:01]} Qe8 {[%emt 0:00:06]} 28. Rf1 {[%emt 0:00:06]} Rd8 {[%emt 0:00:04]} 29. Qxc5 {[%emt 0:00:03]} Kg8 {[%emt 0:00:10]} 30. Qf5 {[%emt 0:00:05]} g6 {[%emt 0:00:13]} 31. Qf6 {[%emt 0:00:02]} Rd7 {[%emt 0:00:08]} 32. Be5 {[%emt 0:00:02]} Rh7 {[%emt 0:00:14]} 33. Bxg6 {[%emt 0:00:05]} Qc6+ {[%emt 0:00:11]} 34. Qxc6 {[%emt 0:00:02]} bxc6 {[%emt 0:00:00]} 35. Bxh7+ {[%emt 0:00:01]} Kxh7 {[%emt 0:00:00]} 36. Bxd4 {[%emt 0:00:01]} Kg6 {[%emt 0:00:00]} 37. Rf6+ {[%emt 0:00:02]} Kg5 {[%emt 0:00:01]} 38. Rxc6 {[%emt 0:00:01]} a5 {[%emt 0:00:01]} 39. a4 {[%emt 0:00:02]} Kf4 {[%emt 0:00:01]} 40. Bf2 {[%emt 0:00:03]} Kg4 {[%emt 0:00:00]} 41. Rc5 {[%emt 0:00:04]} Kf4 {[%emt 0:00:02]} 42. Rxa5 {[%emt 0:00:01]} Kg4 {[%emt 0:00:00]} 43. Rd5 {[%emt 0:00:02]} Kf4 {[%emt 0:00:00]} 44. a5 {[%emt 0:00:01]} Kg4 {[%emt 0:00:00]} 45. a6 {[%emt 0:00:01]} Kf4 {[%emt 0:00:00]} 46. a7 {[%emt 0:00:01]} Kg4 {[%emt 0:00:00]} 47. a8=Q {[%emt 0:00:01]} Kf4 {[%emt 0:00:00]} 48. Qe8 {[%emt 0:00:02]} Kg4 {[%emt 0:00:00]} 49. Qe4# {[%emt 0:00:01] (Lag: Av=0.60s, max=1.4s) (Lag: Av=0.60s, max=1.4s) (Lag: Av=0.60s, max=1.4s) (Lag: Av=0.60s, max=1.4s) (Lag: Av=0.60s, max=1.4s)} 1-0

[Event "Stay Safe Play From Home 363"]
[Site "Emanuel Lasker Arena"]
[Date "2020.08.06"]
[Round "7"]
[White "Joroger"]
[Black "Timbre"]
[Result "1-0"]
[WhiteElo "1805"]
[BlackElo "1600"]
[Annotator "NA RC"]
[PlyCount "65"]
[EventDate "2020.08.06"]
[EventType "swiss (blitz)"]

1. d4 {[%emt 0:00:01]} d5 {[%emt 0:00:09]} 2. c4 {[%emt 0:00:01]} c6 {[%emt 0:00:01]} 3. Nf3 {[%emt 0:00:01]} Nf6 {[%emt 0:00:01]} 4. Nc3 {[%emt 0:00:00]} e6 {[%emt 0:00:03]} 5. Bg5 {[%emt 0:00:03]} Be7 {[%emt 0:00:02]} 6. e3 {[%emt 0:00:01]} Nbd7 {[%emt 0:00:02]} 7. cxd5 {[%emt 0:00:01]} exd5 {[%emt 0:00:02]} 8. Bd3 {[%emt 0:00:01]} O-O {[%emt 0:00:01]} 9. O-O {[%emt 0:00:01]} h6 {[%emt 0:00:01]} 10. Bf4 {[%emt 0:00:01]} Nh5 {[%emt 0:00:04]} 11. Bg3 {[%emt 0:00:04]} Nxg3 {[%emt 0:00:02]} 12. hxg3 {[%emt 0:00:01]} Nf6 {[%emt 0:00:02]} 13. Qc2 {[%emt 0:00:01]} Bg4 {[%emt 0:00:03]} 14. Ne5 {[%emt 0:00:01]} Be6 {[%emt 0:00:05]} 15. Rab1 {[%emt 0:00:01]} c5 {[%emt 0:00:02]} 16. dxc5 {[%emt 0:00:02]} Bxc5 {[%emt 0:00:03]} 17. Rfd1 {[%emt 0:00:05]} Bd6 {[%emt 0:00:02]} 18. Nf3 {[%emt 0:00:02]} Bg4 {[%emt 0:00:03]} 19. Be2 {[%emt 0:00:01]} Bxf3 {[%emt 0:00:01]} 20. Bxf3 {[%emt 0:00:01]} Rc8 {[%emt 0:00:06]} 21. Qd2 {[%emt 0:00:01]} Bb4 {[%emt 0:00:03]} 22. Rbc1 {[%emt 0:00:03]} Bxc3 {[%emt 0:00:02]} 23. Rxc3 {[%emt 0:00:01]} Rxc3 {[%emt 0:00:02]} 24. Qxc3 {[%emt 0:00:00]} Qb6 {[%emt 0:00:03]} 25. Bxd5 {[%emt 0:00:07]} a6 {[%emt 0:00:08]} 26. Bf3 {[%emt 0:00:05]} Qe6 {[%emt 0:00:03]} 27. a3 {[%emt 0:00:09]} b5 {[%emt 0:00:02]} 28. Qd4 {[%emt 0:00:09]} Qf5 {[%emt 0:00:04]} 29. Qb6 {[%emt 0:00:14]} Qc2 {[%emt 0:00:03]} 30. Qd4 {[%emt 0:00:10]} Qc7 {[%emt 0:00:03]} 31. b4 {[%emt 0:00:13]} a5 {[%emt 0:00:03]} 32. Qc5 {[%emt 0:00:14]} axb4 {[%emt 0:00:02]} 33. Qxc7 {[%emt 0:00:03] Timbre resigns Timbre resigns Timbre resigns Timbre resigns Timbre resigns (Lag: Av=0.46s, max=0.8s) (Lag: Av=0.46s, max=0.8s) (Lag: Av=0.46s, max=0.8s) (Lag: Av=0.46s, max=0.8s) (Lag: Av=0.46s, max=0.8s)} 1-0

[Event "Stay Safe Play From Home 363"]
[Site "Emanuel Lasker Arena"]
[Date "2020.08.06"]
[Round "7"]
[White "Espasqui"]
[Black "Klasman"]
[Result "0-1"]
[WhiteElo "1608"]
[BlackElo "1528"]
[Annotator "NA RC"]
[PlyCount "26"]
[EventDate "2020.08.06"]
[EventType "swiss (blitz)"]

1. e4 {[%emt 0:00:02]} f5 {[%emt 0:00:18]} 2. exf5 {[%emt 0:00:03]} Nf6 {[%emt 0:00:03]} 3. Nc3 {[%emt 0:00:02]} d5 {[%emt 0:00:07]} 4. d4 {[%emt 0:00:03]} Bxf5 {[%emt 0:00:02]} 5. Bd3 {[%emt 0:00:02]} Bxd3 {[%emt 0:00:02]} 6. Qxd3 {[%emt 0:00:02]} Nc6 {[%emt 0:00:04]} 7. a3 {[%emt 0:00:02]} g6 {[%emt 0:00:02]} 8. Nf3 {[%emt 0:00:02]} Bg7 {[%emt 0:00:01]} 9. O-O {[%emt 0:00:02]} Qd6 {[%emt 0:00:03]} 10. Re1 {[%emt 0:00:10]} O-O-O {[%emt 0:00:11]} 11. Ne5 {[%emt 0:00:03]} Rhf8 {[%emt 0:00:10]} 12. Nb5 {[%emt 0:00:14]} Qe6 {[%emt 0:00:24]} 13. Nxc6 {[%emt 0:00:13]} Qxe1+ {[%emt 0:00:05] Espasqui resigns Espasqui resigns Espasqui resigns Espasqui resigns Espasqui resigns} 0-1

[Event "Stay Safe Play From Home 363"]
[Site "Emanuel Lasker Arena"]
[Date "2020.08.06"]
[Round "8"]
[White "SelamiSahin"]
[Black "Haris kollari 13"]
[Result "0-1"]
[WhiteElo "2157"]
[BlackElo "1834"]
[Annotator "NA RC"]
[PlyCount "82"]
[EventDate "2020.08.06"]
[EventType "swiss (blitz)"]

{Yarar, Atakan} 1. d4 {[%emt 0:00:02]} d5 {[%emt 0:00:02]} 2. c4 {[%emt 0:00:01]} e5 {[%emt 0:00:01]} 3. Nc3 {[%emt 0:00:00]} dxc4 {[%emt 0:00:04]} 4. d5 {[%emt 0:00:01]} f5 {[%emt 0:00:02]} 5. e4 {[%emt 0:00:04]} fxe4 {[%emt 0:00:02]} 6. Nxe4 {[%emt 0:00:00]} Nf6 {[%emt 0:00:01]} 7. Nxf6+ {[%emt 0:00:01]} Qxf6 {[%emt 0:00:02]} 8. Bxc4 {[%emt 0:00:01]} Bd6 {[%emt 0:00:01]} 9. Qf3 {[%emt 0:00:03]} Nd7 {[%emt 0:00:03]} 10. Qxf6 {[%emt 0:00:04]} gxf6 {[%emt 0:00:01]} 11. g3 {[%emt 0:00:03]} Nb6 {[%emt 0:00:01]} 12. Bb3 {[%emt 0:00:00]} Bf5 {[%emt 0:00:02]} 13. f3 {[%emt 0:00:01]} O-O-O {[%emt 0:00:02]} 14. Ne2 {[%emt 0:00:01]} Bb4+ {[%emt 0:00:01]} 15. Kf2 {[%emt 0:00:06]} Nxd5 {[%emt 0:00:03]} 16. Rd1 {[%emt 0:00:08]} Bc5+ {[%emt 0:00:04]} 17. Ke1 {[%emt 0:00:01]} Ne3 {[%emt 0:00:06]} 18. Bxe3 {[%emt 0:00:04]} Bxe3 {[%emt 0:00:01]} 19. Nc3 {[%emt 0:00:12]} Bd4 {[%emt 0:00:02]} 20. Ke2 {[%emt 0:00:05]} Bxc3 {[%emt 0:00:03]} 21. bxc3 {[%emt 0:00:00]} Rd6 {[%emt 0:00:01]} 22. Rxd6 {[%emt 0:00:03]} cxd6 {[%emt 0:00:01]} 23. Bd5 {[%emt 0:00:00]} Kc7 {[%emt 0:00:05]} 24. Ke3 {[%emt 0:00:04]} Bd7 {[%emt 0:00:02]} 25. Ke4 {[%emt 0:00:04]} f5+ {[%emt 0:00:02]} 26. Kd3 {[%emt 0:00:01]} Bc6 {[%emt 0:00:05]} 27. c4 {[%emt 0:00:01]} Re8 {[%emt 0:00:15]} 28. Rc1 {[%emt 0:00:07]} Kb6 {[%emt 0:00:02]} 29. Rb1+ {[%emt 0:00:01]} Kc5 {[%emt 0:00:02]} 30. Bxc6 {[%emt 0:00:01]} bxc6 {[%emt 0:00:01]} 31. Rb7 {[%emt 0:00:01]} e4+ {[%emt 0:00:01]} 32. fxe4 {[%emt 0:00:01]} fxe4+ {[%emt 0:00:01]} 33. Ke3 {[%emt 0:00:02]} Kxc4 {[%emt 0:00:01]} 34. Rxh7 {[%emt 0:00:01]} d5 {[%emt 0:00:01]} 35. Rc7 {[%emt 0:00:03]} d4+ {[%emt 0:00:01]} 36. Kd2 {[%emt 0:00:03]} c5 {[%emt 0:00:01]} 37. g4 {[%emt 0:00:03]} e3+ {[%emt 0:00:01]} 38. Ke2 {[%emt 0:00:01]} d3+ {[%emt 0:00:01]} 39. Ke1 {[%emt 0:00:02]} e2 {[%emt 0:00:03]} 40. Rd7 {[%emt 0:00:04]} Kc3 {[%emt 0:00:01]} 41. g5 {[%emt 0:00:04]} Rf8 {[%emt 0:00:02] SelamiSahin terk eder SelamiSahin terk eder SelamiSahin terk eder SelamiSahin terk eder SelamiSahin terk eder (Lag: Av=0.55s, max=0.8s) (Lag: Av=0.55s, max=0.8s) (Lag: Av=0.55s, max=0.8s) (Lag: Av=0.55s, max=0.8s) (Lag: Av=0.55s, max=0.8s)} 0-1